|
|
|
|
| LEADER |
00000nab a2200000uu 4500 |
| 001 |
vtls011513189 |
| 003 |
SK-MaSNL |
| 005 |
20260303181154.0 |
| 008 |
230704|1977 xo |||||||||||||||||slo| |
| 015 |
|
|
|a SNBRB
|
| 035 |
|
|
|a (urnnbn)urn:nbn:sk:snk:ar-001e3u
|
| 035 |
|
|
|a (uuid)c774252f-2450-41e6-9b63-45a203c82f92
|
| 035 |
|
|
|a urn:nbn:sk:snk-abe3cr
|
| 040 |
|
|
|a SNKBUCL
|b slo
|c SNKBUCL
|e AACR2
|
| 041 |
0 |
|
|a slo
|
| 044 |
|
|
|a xo
|c SK
|
| 100 |
0 |
|
|a P. A.
|4 aut
|9 225151
|
| 245 |
1 |
0 |
|a Alpatovove Dejiny umenia 1
|c [autor] P. A.
|
| 650 |
0 |
7 |
|a dejiny umenia
|2 SNKPH
|9 1066
|
| 650 |
0 |
7 |
|a praveké umenie
|2 SNKPH
|9 2865
|
| 655 |
|
7 |
|a recenzie
|2 SNKPH
|9 21907
|
| 773 |
0 |
|
|t Slovenské pohľady
|g Roč. 93, č. 4 (1977), s. 152-153
|
| 787 |
0 |
8 |
|i Rec.:
|a Alpatov, Michail V.
|t Dejiny umenia 1. Praveké umenie
|d Bratislava : Tatran, 1976
|
| 850 |
|
|
|a Slovenská národná knižnica
|
| 852 |
|
|
|a Slovenská národná knižnica
|
| 958 |
|
|
|a OND
|
| 958 |
|
|
|a EUIPO
|
| 958 |
|
|
|a RC
|
| 958 |
|
|
|a article21
|
| 999 |
|
|
|c 2109657
|d 2111587
|